000 00485nam a2200157 i 4500
001 100805
003 ES-MaACL
005 20230906182744.0
007 t|
008 051005s1960 sp ||||1| spa d
100 1 _aMataix Plana, José Luis.
_978911
245 1 0 _aProblemas de Geometría analítica /
_cresueltos y explicados por José Luis Mataix Plana.
260 _aMadrid :
_bDossat,
_c1960.
300 _a4 h., 345 p. :
_bil. ;
_c22 cm.
852 _aES-MaACL
_jC-18182
_bR.46251
999 _c100805
_d100805